[Event "Ch St. Petersburg B16"]
[Site "St. Petersburg"]
[Date "2007.11.13"]
[EventDate "?"]
[Round "9.2"]
[Result "1-0"]
[White "Anish Giri"]
[Black "Anatoly Donskov"]
[WhiteElo "2341"]
[BlackElo "2062"]
[PlyCount "109"]

1.e4 e6 2.d4 d5 3.Nc3 Bb4 4.e5 c5 5.a3 Bc3+ 6.bc3 Ne7 7.Nf3
Qa5 8.Bd2 Qa4 9.Qb1 c4 10.h4 Nbc6 11.h5 h6 12.Nh4 Bd7 13.g3
O-O-O 14.Bh3 g5 15.Ng2 Rdf8 16.Ne3 f5 17.ef6 Rf6 18.O-O Qa5
19.Ng4 Rff8 20.Qe1 Nf5 21.a4 Qd8 22.Ne5 Ne5 23.Qe5 Rhg8 24.Bg4
Qc7 25.Rfe1 Qe5 26.Re5 Kc7 27.a5 Rg7 28.Kg2 Kc6 29.Bc1 Re8
30.Ba3 Rf7 31.Bc5 a6 32.Rae1 Ng7 33.Rb1 Kc7 34.Rb6 Bc6 35.Ba3
Kd7 36.Rb1 Kc7 37.Rbe1 Bd7 38.Bc5 Kc6 39.Bb4 Kc7 40.Ba3 Kc6
41.Bf3 Kc7 42.Bg4 Kc6 43.Bc1 Kb5 44.f4 gf4 45.Bf4 Nf5 46.Rb1+
Ka5 47.Rb7 Nd6 48.Rb1 Ne4 49.Bf3 Nd6 50.Bd5 ed5 51.Rd5+ Bb5
52.Rd6 Re2+ 53.Kf3 Rc2 54.Ra1+ Ba4 55.Rd5+ 1-0

[Event "M.Chigorin Memorial B"]
[Site "St. Petersburg"]
[Date "2007.12.03"]
[EventDate "?"]
[Round "3.13"]
[Result "1-0"]
[White "Anish Giri"]
[Black "Vladimir Savchuk"]
[WhiteElo "2341"]
[BlackElo "2080"]
[PlyCount "109"]

1.e4 c5 2.Nf3 Nc6 3.Nc3 g6 4.d4 cd4 5.Nd4 Bg7 6.Be3 Nf6 7.Bc4
Qa5 8.O-O d6 9.f3 O-O 10.Bb3 Bd7 11.Qd2 Rac8 12.Rad1 Rfe8
13.f4 Ng4 14.Nc6 Bc6 15.Bd4 Bd4+ 16.Qd4 Qc5 17.Rfe1 b6 18.h3
Nh6 19.g4 Qd4+ 20.Rd4 Kg7 21.a4 Red8 22.Red1 Re8 23.a5 b5
24.g5 Ng8 25.h4 e5 26.fe5 Re5 27.Rf1 Be8 28.Rd6 h6 29.Rd5 Re7
30.e5 Rb8 31.Rc5 Bd7 32.Ne4 Be6 33.Be6 Re6 34.Nd6 Re7 35.b4 a6
36.Rc3 Rd8 37.Rcf3 Rdd7 38.Kh1 hg5 39.hg5 Re5 40.Rf7+ Rf7
41.Rf7+ Kh8 42.Ra7 Rd5 43.Nf7+ Kg7 44.Nh6+ Kh8 45.Ra8 Kh7
46.Ng8 Rd1+ 47.Kg2 Rd2+ 48.Kf3 Rc2 49.Nf6+ Kg7 50.Ra6 Rc3+
51.Kf4 Rc4+ 52.Ke5 Rc1 53.Rb6 Rg1 54.Rb7+ Kf8 55.Ne4 1-0

[Event "M.Chigorin Memorial B"]
[Site "St. Petersburg"]
[Date "2007.12.04"]
[EventDate "?"]
[Round "4.7"]
[Result "0-1"]
[White "Aleksander Chehlov"]
[Black "Anish Giri"]
[WhiteElo "2233"]
[BlackElo "2341"]
[PlyCount "68"]

1.e4 e6 2.d4 d5 3.Nd2 Nf6 4.e5 Nfd7 5.Bd3 c5 6.c3 Nc6 7.Ne2 f6
8.ef6 Nf6 9.Nf3 Bd6 10.O-O Qc7 11.h3 O-O 12.Be3 b6 13.a3 e5
14.de5 Ne5 15.Ne5 Be5 16.Qa4 Bd7 17.Qh4 Rae8 18.Rad1 Ne4 19.f4
Bf6 20.Qh5 Bc6 21.Bc1 Qf7 22.Qg4 h5 23.Qf3 d4 24.cd4 c4 25.Bc2
Bd5 26.Nc3 Nc3 27.Qc3 Re2 28.Rf2 Qe7 29.Rdf1 Re8 30.Bg6 Rf2
31.Rf2 Qe1+ 32.Rf1 Qe2 33.Rf2 Qd1+ 34.Kh2 Re1 0-1

[Event "M.Chigorin Memorial B"]
[Site "St. Petersburg"]
[Date "2007.12.05"]
[EventDate "?"]
[Round "5.4"]
[Result "1-0"]
[White "Anish Giri"]
[Black "Olga Lelekova"]
[WhiteElo "2341"]
[BlackElo "2230"]
[PlyCount "101"]

1.e4 c5 2.Nf3 Nc6 3.Nc3 d6 4.d4 cd4 5.Nd4 g6 6.Be3 Bg7 7.Bc4
Nf6 8.f3 O-O 9.Qd2 Bd7 10.O-O-O Qa5 11.Bb3 Rfc8 12.h4 Ne5
13.h5 Nc4 14.Bc4 Rc4 15.hg6 fg6 16.g4 Rac8 17.Nb3 Qa6 18.e5
Ne8 19.Qh2 h5 20.Bd4 b5 21.gh5 b4 22.hg6 bc3 23.e6 Rd4 24.Rd4
Be6 25.Rh4 cb2+ 26.Kb1 Kf8 27.Rh8+ Bg8 28.Rg8+ Kg8 29.Nd4 Qc4
30.Nf5 Rc5 31.Ng7 Kg7 32.Qh8+ Kg6 33.Qh7+ Kf6 34.Rh6+ Ke5
35.Qe7+ Kd5 36.Qf7+ Kc6 37.Qe8+ Kb7 38.Rh7+ Ka6 39.Qe4 Qf1+
40.Kb2 Rb5+ 41.Kc3 Qa1+ 42.Kd2 Qa2 43.Qc6+ Rb6 44.Qc8+ Kb5
45.Qe8+ Rc6 46.Rb7+ Kc5 47.Qe3+ Kd5 48.Qe4+ Kc5 49.Qb4+ Kd5
50.Rb5+ Ke6 51.Qe4+ 1-0

[Event "M.Chigorin Memorial B"]
[Site "St. Petersburg"]
[Date "2007.12.09"]
[EventDate "?"]
[Round "9.7"]
[Result "0-1"]
[White "Oleg Orlov"]
[Black "Anish Giri"]
[WhiteElo "2238"]
[BlackElo "2341"]
[PlyCount "80"]

1.Nf3 d6 2.d4 Nf6 3.c4 g6 4.Nc3 Bg7 5.e3 O-O 6.Be2 Nbd7 7.O-O
e5 8.b4 Re8 9.b5 e4 10.Nd2 Nf8 11.a4 h5 12.a5 N8h7 13.Bb2 Bg4
14.d5 Ng5 15.Nb3 Qd7 16.c5 dc5 17.f3 ef3 18.gf3 Bh3 19.e4 Bf1
20.Bf1 Nh3+ 21.Bh3 Qh3 22.Nc5 Ng4 23.fg4 Qe3+ 24.Kh1 Qc5
25.gh5 Bc3 26.hg6 fg6 27.Rc1 Qb4 28.Bc3 Qe4+ 29.Kg1 Qe3+
30.Kh1 Qe4+ 31.Kg1 Rad8 32.Qf1 Qe3+ 33.Kh1 Rf8 34.Qe1 Qf3+
35.Kg1 Qg4+ 36.Kh1 Rd5 37.Bd2 Qf3+ 38.Kg1 Rd4 39.Qe6+ Rf7
40.Rc4 Qf1# 0-1

[Event "BSG Pinkstertoernooi 2008"]
[Site "Bussum, the Netherlands"]
[Date "2008.05.10"]
[EventDate "2008.05.09"]
[Round "2"]
[Result "0-1"]
[White "Bert Balke"]
[Black "Anish Giri"]
[WhiteElo "1878"]
[BlackElo "2401"]
[PlyCount "94"]

1. d4 Nf6 2. c4 g6 3. Nc3 Bg7 4. e4 d6 5. Be2 O-O 6. Nf3 e5
7. O-O Nc6 8. d5 Ne7 9. Ne1 Nd7 10. Nd3 f5 11. b4 Nf6 12. f3
f4 13. c5 g5 14. Bd2 Ng6 15. Rc1 Rf7 16. Be1 h5 17. Qc2 g4
18. cxd6 cxd6 19. Nb5 Qb6+ 20. Bf2 Qxb5 21. Nxe5 Qe8 22. Nxg6
gxf3 23. Bxf3 Ng4 24. e5 Bf5 25. Be4 Bxe4 26. Qxe4 Bxe5
27. Nh4 Bb2 28. Qg6+ Rg7 29. Qxe8+ Rxe8 30. Nf5 Bxc1 31. Nxg7
Kxg7 32. Rxc1 Re2 33. Bxa7 Rxa2 34. Bb8 Ne3 35. Bxd6 Rxg2+
36. Kh1 f3 37. Bc5 Ng4 38. h3 Rh2+ 39. Kg1 Rxh3 40. d6 Rg3+
41. Kf1 f2 42. Ke2 Ra3 43. Bd4+ Kf7 44. Rf1 Ke6 45. Bxf2 Ra2+
46. Ke1 Ra1+ 47. Ke2 Rxf1 0-1

[Event "BSG Pinkstertoernooi 2008"]
[Site "Bussum, the Netherlands"]
[Date "2008.05.11"]
[EventDate "2008.05.09"]
[Round "5"]
[Result "1-0"]
[White "Anish Giri"]
[Black "David Klein"]
[WhiteElo "2401"]
[BlackElo "2088"]
[PlyCount "65"]

1. d4 Nf6 2. g3 g6 3. Bg2 Bg7 4. e4 d6 5. Nc3 O-O 6. Nge2 e5
7. a3 Nc6 8. Be3 Bd7 9. O-O Re8 10. f4 exd4 11. Nxd4 Nxd4
12. Bxd4 Bc6 13. Qd3 Nd7 14. b4 Bxd4+ 15. Qxd4 Qf6 16. Rad1
Qxd4+ 17. Rxd4 Nf8 18. b5 Bd7 19. Nd5 Ne6 20. Rd2 Red8 21. f5
Nc5 22. Nxc7 Rac8 23. Nd5 Kg7 24. Ne7 Rb8 25. c4 Kf8 26. Nd5
a6 27. Nc3 axb5 28. cxb5 Be8 29. Rfd1 Ke7 30. e5 gxf5
31. exd6+ Kf6 32. Rd5 Ne6 33. d7 1-0

[Event "BSG Pinkstertoernooi 2008"]
[Site "Bussum, the Netherlands"]
[Date "2008.05.12"]
[EventDate "2008.05.09"]
[Round "7"]
[Result "1-0"]
[White "Anish Giri"]
[Black "Emile Wustefeld"]
[WhiteElo "2401"]
[BlackElo "2244"]
[PlyCount "117"]

1. e4 e6 2. d4 d5 3. Nc3 Nf6 4. e5 Nfd7 5. f4 c5 6. Nf3 Nc6
7. Be3 cxd4 8. Nxd4 Bc5 9. Qd2 O-O 10. O-O-O a6 11. Qf2 Nxd4
12. Bxd4 Qc7 13. Bxc5 Qxc5 14. Qxc5 Nxc5 15. Bd3 Bd7 16. Kb1
Bc6 17. Ne2 b5 18. Nd4 Bb7 19. a3 Rae8 20. Rhe1 f6 21. g3 Re7
22. Re3 Ne4 23. exf6 gxf6 24. Bxe4 dxe4 25. f5 Rd8 26. fxe6
Rxe6 27. c3 Kf7 28. Rf1 Red6 29. Rf4 R8d7 30. b4 Kg6 31. Rg4+
Kf7 32. Rf4 Kg6 33. Kc2 f5 34. Re2 Rd5 35. Rff2 R7d6 36. Re1
Bc8 37. Kc1 Kg5 38. Ref1 a5 39. bxa5 Ra6 40. Rd2 Rc5 41. Kb2
Re5 42. Nc2 Be6 43. Nb4 Bc4 44. Re1 Ra8 45. Re3 f4 46. gxf4+
Kxf4 47. Nc2 Ree8 48. Rf2+ Ke5 49. Rh3 Re7 50. Ne3 Ke6 51. a6
Kd7 52. Rh6 Be6 53. Rd2+ Ke8 54. Rd6 Bg8 55. Rh5 Rd8 56. Nf5
Re5 57. Rxd8+ Kxd8 58. a7 Bd5 59. Ne3 1-0

[Event "TCh-NED 2008-9"]
[Site "Netherlands"]
[Date "2008.09.27"]
[EventDate "?"]
[Round "1"]
[Result "1-0"]
[White "Anish Giri"]
[Black "Jelmer Jens"]
[WhiteElo "2430"]
[BlackElo "2397"]
[PlyCount "73"]

1. e4 c5 2. Nf3 d6 3. d4 cxd4 4. Nxd4 Nf6 5. Nc3 a6 6. Bg5 e6
7. f4 Qb6 8. Qd2 Qxb2 9. Nb3 Qa3 10. Bxf6 gxf6 11. Be2 Nc6
12. O-O Bd7 13. Bh5 Bg7 14. f5 O-O 15. Ne2 Ne7 16. Ng3 Rad8
17. Be2 d5 18. e5 exf5 19. exf6 Bxf6 20. Rae1 Qxa2 21. Bd3
Rfe8 22. Nh5 Qb2 23. Rb1 Qc3 24. Qh6 Ng6 25. Bxf5 Bxf5
26. Rxf5 Bg7 27. Nxg7 Qxg7 28. Qd2 d4 29. Rbf1 Re7 30. c3 d3
31. Nd4 Rxd4 32. cxd4 Re2 33. Qxd3 Nf4 34. Qf3 Rxg2+ 35. Kh1
Rxh2+ 36. Kxh2 Qh6+ 37. Kg3 1-0

[Event "World's Youth Stars 2008"]
[Site "Kirishi, Russia"]
[Date "2008.11.27"]
[EventDate "?"]
[Round "11"]
[Result "0-1"]
[White "Alexander Ganichev"]
[Black "Anish Giri"]
[WhiteElo "2148"]
[BlackElo "2466"]
[PlyCount "90"]

1.e4 c5 2.Nf3 d6 3.d4 Nf6 4.Nc3 cxd4 5.Nxd4 a6 6.f4 e5 7.Nf3
Nbd7 8.a4 Be7 9.Bd3 b6 10.O-O O-O 11.Kh1 Bb7 12.fxe5 dxe5
13.Qe2 Qc7 14.Bg5 Nc5 15.Nh4 Nxd3 16.Qxd3 Nxe4 17.Bxe7 Qxe7
18.Nf5 Qb4 19.Nd5 Bxd5 20.Qxd5 Ng5 21.Qxe5 f6 22.Qg3 Ra7
23.Rae1 g6 24.Nh6+ Kg7 25.Ng4 Re7 26.c3 Rxe1 27.Rxe1 Qxb2
28.h4 Nf7 29.h5 Qd2 30.Re7 Qg5 31.h6+ Kg8 32.Re6 Qc1+ 33.Kh2
f5 34.Nf6+ Kh8 35.Re3 Qd2 36.Qf4 Nxh6 37.Qg5 Qd6+ 38.Kh1 Qxf6
39.Qxh6 Rd8 40.Re2 Kg8 41.Qh3 Rd1+ 42.Kh2 Qd6+ 43.g3 Qc6
44.Rg2 Qxc3 45.Qh4 Qc1 0-1

[Event "Open A"]
[Site "Groningen"]
[Date "2008.12.22"]
[EventDate "?"]
[Round "2"]
[Result "0-1"]
[White "Floris van Assendelft"]
[Black "Anish Giri"]
[WhiteElo "2253"]
[BlackElo "2466"]
[PlyCount "76"]

1. e4 c5 2. Nf3 e6 3. d4 cxd4 4. Nxd4 a6 5. Bd3 Nf6 6. O-O d6
7. a4 b6 8. a5 b5 9. Qe2 e5 10. Nf5 g6 11. Ne3 Nc6 12. c4 b4
13. Nd5 Nxd5 14. cxd5 Nxa5 15. Ra4 Rb8 16. Bd2 Nb3 17. Rxb4
Rxb4 18. Bxb4 Nd4 19. Qd1 Bd7 20. Nd2 a5 21. Bc3 Nb5 22. Qb3
Nxc3 23. bxc3 Be7 24. Bb5 O-O 25. Ra1 Bg5 26. Nf3 Bg4 27. Be2
Qc7 28. Qb5 Bd8 29. c4 Bd7 30. Qa6 Qc5 31. Qb7 Be8 32. Rb1 f5
33. exf5 gxf5 34. h4 h6 35. g3 e4 36. Ne1 f4 37. Qb3 a4
38. Qc3 Ba5 0-1

[Event "Open A"]
[Site "Groningen"]
[Date "2008.12.26"]
[EventDate "?"]
[Round "5"]
[Result "0-1"]
[White "Yochanan Afek"]
[Black "Anish Giri"]
[WhiteElo "2320"]
[BlackElo "2466"]
[PlyCount "104"]

1. e4 c5 2. Nf3 e6 3. c3 Nf6 4. Bd3 d5 5. e5 Nfd7 6. Bc2 Nc6
7. d4 b6 8. Ba4 Qc7 9. O-O Ba6 10. Re1 b5 11. Bc2 Rc8 12. dxc5
Bxc5 13. Bf4 h6 14. Bg3 Be7 15. a3 Bb7 16. Nbd2 a6 17. Nb3 Nc5
18. Nxc5 Bxc5 19. Rc1 Rd8 20. Nd4 Qb6 21. Qg4 Kf8 22. Rcd1
Nxd4 23. cxd4 Be7 24. h4 h5 25. Qf4 Kg8 26. Re3 Bc6 27. Bb1 g6
28. Rf3 Rf8 29. Rc1 Kg7 30. Qd2 Rc8 31. Bf4 Bd7 32. Rxc8 Bxc8
33. Bg5 Bxg5 34. Qxg5 Qd8 35. Rf6 Qe8 36. b4 Bd7 37. Bd3 Bc6
38. Be2 Qc8 39. g4 hxg4 40. Bxg4 Be8 41. Rf3 Qc2 42. h5 Rh6
43. Qf6+ Kf8 44. Qf4 Kg7 45. Qf6+ Kf8 46. Rf4 Rh7 47. Kg2 gxh5
48. Bxe6 Rg7+ 49. Kh2 Qc1 50. Bxd5 Qg1+ 51. Kh3 h4 52. Rxh4
Bd7+ 0-1

[Event "27th Blokadny youth"]
[Site "St. Petersburg"]
[Date "2008.01.05"]
[EventDate "?"]
[Round "1"]
[Result "1-0"]
[White "Anish Giri"]
[Black "Dina Belenkaya"]
[WhiteElo "2344"]
[BlackElo "1922"]
[PlyCount "93"]

1.e4 c5 2.Nf3 e6 3.Nc3 Nf6 4.Be2 Nc6 5.O-O Be7 6.d4 cd4 7.Nd4
O-O 8.Kh1 d5 9.ed5 Nd5 10.Nd5 Qd5 11.Nc6 Qc6 12.Bf3 Qc7 13.Qe2
Bd7 14.c4 Bf6 15.Be3 Bc6 16.Bc6 Qc6 17.Rad1 Rfd8 18.b3 a6
19.f3 h6 20.Qf2 Rd1 21.Rd1 Rd8 22.Qc2 Rd6 23.Kg1 Qd7 24.Rd6
Qd6 25.Qd2 Qd2 26.Bd2 Kf8 27.Kf2 Ke7 28.Ke2 Kd7 29.Kd3 Be7
30.a4 Kc6 31.g4 Bd8 32.Ke4 Kc5 33.f4 Bf6 34.Kd3 Kc6 35.b4 b5
36.ab5+ ab5 37.cb5+ Kb5 38.Bc3 Bc3 39.Kc3 f6 40.h4 e5 41.fe5
fe5 42.h5 e4 43.Kd4 Kb4 44.Ke4 Kc3 45.Kf5 Kd4 46.Kg6 Ke4
47.Kg7 1-0

[Event "27th Blokadny youth"]
[Site "St. Petersburg"]
[Date "2008.01.06"]
[EventDate "?"]
[Round "2"]
[Result "0-1"]
[White "Kirill Alekseenko"]
[Black "Anish Giri"]
[WhiteElo "2067"]
[BlackElo "2344"]
[PlyCount "74"]

1.e4 c5 2.Nf3 e6 3.d4 cd4 4.Nd4 Nc6 5.Nb5 d6 6.c4 Nf6 7.N5c3
a6 8.Be2 Be7 9.O-O O-O 10.Be3 b6 11.Nd2 Bb7 12.a3 Rc8 13.f4
Re8 14.Qb3 Nd7 15.Rad1 Bf6 16.Na4 Nd4 17.Bd4 Bd4+ 18.Kh1 Qc7
19.Qd3 Bf6 20.Rf3 Bc6 21.Nc3 Nc5 22.Qb1 Qb7 23.Bd3 Bc3 24.bc3
f5 25.Re3 e5 26.fe5 f4 27.Re2 de5 28.Nb3 Red8 29.Nc5 bc5
30.Qb7 Bb7 31.Red2 Kf7 32.Bc2 Ke7 33.h4 Rd2 34.Rd2 Rd8 35.Rd8
Kd8 36.g3 h6 37.g4 Kc7 0-1

[Event "27th Blokadny youth"]
[Site "St. Petersburg"]
[Date "2008.01.07"]
[EventDate "?"]
[Round "3"]
[Result "1-0"]
[White "Anish Giri"]
[Black "Klim Zhukov"]
[WhiteElo "2344"]
[BlackElo "2154"]
[PlyCount "91"]

1.d4 Nf6 2.g3 g6 3.Bg2 Bg7 4.e4 O-O 5.Nc3 d6 6.Nge2 e5 7.h3 c6
8.a4 a5 9.Be3 Nbd7 10.O-O Re8 11.Re1 Nf8 12.Qd2 Qc7 13.Rad1
Bd7 14.f4 Rad8 15.fe5 de5 16.de5 Qe5 17.Bb6 Ra8 18.Bd4 Qc7
19.Qf4 Qf4 20.gf4 Nh5 21.Bf3 Bd4+ 22.Rd4 Bh3 23.Kh2 Bd7 24.Bh5
gh5 25.f5 Re5 26.Red1 Bf5 27.ef5 Rf5 28.Rd8 Rd8 29.Rd8 Kg7
30.Nd4 Re5 31.Rb8 c5 32.Nde2 Re7 33.Ng3 Rd7 34.Nh5+ Kg6 35.Rf8
Kh5 36.Kg3 Kg6 37.Rg8+ Kf5 38.Rg7 h6 39.Kf3 b6 40.Ne4 Re7
41.Rg4 Ke5 42.Nd2 f5 43.Rh4 Re6 44.Nc4+ Kd5 45.Ne3+ Ke5 46.Rh5
1-0

[Event "27th Blokadny youth"]
[Site "St. Petersburg"]
[Date "2008.01.09"]
[EventDate "?"]
[Round "5"]
[Result "1-0"]
[White "Anish Giri"]
[Black "Andrey Gnidenko"]
[WhiteElo "2344"]
[BlackElo "2140"]
[PlyCount "39"]

1.d4 g6 2.g3 Bg7 3.Bg2 Nf6 4.e4 d6 5.Nc3 O-O 6.Nge2 Na6 7.h3
c5 8.O-O Rb8 9.a4 cd4 10.Nd4 Nc5 11.Be3 a5 12.Qd2 Bd7 13.Kh2
Ne8 14.f4 e5 15.fe5 Be5 16.Nf3 Ne6 17.Ne5 de5 18.Rad1 Nf6
19.Rf6 Qf6 20.Nd5 1-0

[Event "27th Blokadny youth"]
[Site "St. Petersburg"]
[Date "2008.01.10"]
[EventDate "?"]
[Round "6"]
[Result "0-1"]
[White "Leonid Bocharov"]
[Black "Anish Giri"]
[WhiteElo "2185"]
[BlackElo "2344"]
[PlyCount "112"]

1.e4 c5 2.Nf3 e6 3.d4 cd4 4.Nd4 a6 5.Nc3 Qc7 6.g3 Bb4 7.Nde2
Nf6 8.Bg2 Be7 9.O-O O-O 10.Nd4 Nc6 11.Kh1 d6 12.f4 Bd7 13.Be3
b5 14.h3 Nd4 15.Bd4 Bc6 16.g4 Qb7 17.Qf3 b4 18.g5 Nd7 19.Ne2
e5 20.Be3 f5 21.gf6 Nf6 22.Ng3 Rac8 23.Rae1 Kh8 24.Bc1 d5
25.fe5 Ne4 26.Qb3 Bh4 27.Ne4 de4 28.Rf8+ Rf8 29.Rf1 Rf3 30.Qe6
h5 31.Qg6 Qb5 32.Qh5+ Kg8 33.Rg1 Bf6 34.Qg4 Qe5 35.Re1 Qc7
36.Bg5 Bg5 37.Qg5 Rg3 38.Qh4 Rg6 39.Re3 Qb6 40.Qf4 Rf6 41.Qg5
Qd4 42.Rg3 Rf7 43.c3 bc3 44.bc3 Qd7 45.Kh2 Qd6 46.Qe3 Qe5
47.Qd4 Qf4 48.Qe3 Qe5 49.Qd4 Qd4 50.cd4 Rf2 51.Rg6 Bd5 52.Rd6
Bc4 53.Kg3 e3 54.d5 Rf5 55.Rb6 e2 56.Rb1 Rf1 0-1

[Event "27th Blokadny youth"]
[Site "St. Petersburg"]
[Date "2008.01.12"]
[EventDate "?"]
[Round "8"]
[Result "0-1"]
[White "Grigory Palchun"]
[Black "Anish Giri"]
[WhiteElo "2069"]
[BlackElo "2344"]
[PlyCount "70"]

1.d4 Nf6 2.Nf3 g6 3.Bf4 Bg7 4.e3 O-O 5.h3 d6 6.Be2 c5 7.c3 Nc6
8.O-O Re8 9.Bh2 b6 10.Bb5 Bd7 11.Bc4 h6 12.Nbd2 e5 13.de5 de5
14.e4 Qc7 15.Qe2 Re7 16.Rfd1 Nh5 17.Nf1 Nf4 18.Qd2 Na5 19.Bd5
Nd5 20.ed5 Nc4 21.Qe2 Nd6 22.N1d2 Rae8 23.Ne4 f5 24.Nd6 Qd6
25.a4 f4 26.Qa6 Bc8 27.Qb5 Bd7 28.Qa6 g5 29.a5 g4 30.Nd2 gh3
31.Qc4 e4 32.Re1 b5 33.Qe2 Qg6 34.g3 e3 35.Nf1 f3 0-1

[Event "27th Blokadny youth"]
[Site "St. Petersburg"]
[Date "2008.01.13"]
[EventDate "?"]
[Round "9"]
[Result "1-0"]
[White "Anish Giri"]
[Black "Vitaly Churkin"]
[WhiteElo "2344"]
[BlackElo "2284"]
[PlyCount "43"]

1.e4 e6 2.d4 b6 3.Nf3 Bb7 4.Bd3 c5 5.O-O cd4 6.Nd4 Ne7 7.Nc3
Nbc6 8.Nc6 Nc6 9.Re1 a6 10.Bf4 d6 11.Qh5 Be7 12.Rad1 Qc7
13.Bc4 O-O 14.Re3 Ne5 15.Rh3 h6 16.Bb3 Rfc8 17.Rg3 Kf8 18.Rg7
Kg7 19.Qh6+ Kg8 20.Be5 de5 21.Rd3 Bh4 22.Rh3 1-0

[Event "BSG Pinkstertoernooi"]
[Site "Bussum"]
[Date "2009.05.31"]
[EventDate "2009.05.29"]
[Round "4"]
[Result "1-0"]
[White "Anish Giri"]
[Black "Romain Picard"]
[WhiteElo "2517"]
[BlackElo "2339"]
[PlyCount "47"]

1. e4 e5 2. Nf3 d6 3. d4 exd4 4. Nxd4 Nf6 5. Nc3 Be7 6. g3 d5
7. e5 Ng4 8. Bg2 O-O 9. O-O Nxe5 10. Nxd5 Bc5 11. Bf4 Bg4
12. Qe1 Bxd4 13. Bxe5 Bxe5 14. Qxe5 c6 15. Qe4 Be6 16. Nf4 Re8
17. Rad1 Qc7 18. Nxe6 Rxe6 19. Qf4 Qb6 20. Bh3 Re7 21. Rfe1
Rxe1+ 22. Rxe1 Na6 23. Re7 Rf8 24. Qxf7+ 1-0

[Event "BSG Pinkstertoernooi"]
[Site "Bussum"]
[Date "2009.05.31"]
[EventDate "2009.05.29"]
[Round "5"]
[Result "0-1"]
[White "Ivo Wantola"]
[Black "Anish Giri"]
[WhiteElo "2304"]
[BlackElo "2517"]
[PlyCount "98"]

1. Nf3 d5 2. d4 Nf6 3. c4 c6 4. Nc3 e6 5. Bg5 h6 6. Bh4 dxc4
7. e4 g5 8. Bg3 b5 9. Be2 Bb7 10. h4 g4 11. Ne5 Rg8 12. Nxg4
Nxg4 13. Bxg4 b4 14. Na4 c5 15. d5 exd5 16. exd5 Qxd5 17. Qxd5
Bxd5 18. O-O-O Rxg4 19. Rxd5 Nd7 20. Re1+ Kd8 21. Red1 Rd4
22. R1xd4 cxd4 23. Rxd4 Rc8 24. h5 Rc6 25. Kc2 Ra6 26. b3
cxb3+ 27. Kxb3 Ra5 28. Bh4+ Kc7 29. g4 Kc6 30. Rc4+ Kb5
31. Rc7 Rxa4 32. Rxd7 Ra3+ 33. Kb2 Rf3 34. Rxa7 Bc5 35. Rb7+
Kc4 36. Rc7 Kb5 37. Bg3 {White offers a draw.} f5 38. Rxc5+
Kxc5 39. g5 f4 40. g6 fxg3 41. g7 gxf2 42. g8=Q f1=Q 43. Qc8+
Kd4 44. Qh8+ Ke3 45. Qxh6+ Kf2 46. Qb6+ Kg2 47. Qg6+ Kh1
48. h6 Qe2+ 49. Qc2 Qe5+ 0-1

[Event "Dutch Open"]
[Site "Dieren NED"]
[Date "2009.07.30"]
[EventDate "2009.07.21"]
[Round "9"]
[Result "0-1"]
[White "Babu M R Lalith"]
[Black "Anish Giri"]
[WhiteElo "2472"]
[BlackElo "2518"]
[PlyCount "234"]

1. Nf3 d5 2. d4 Nf6 3. c4 c6 4. Nc3 dxc4 5. a4 Bf5 6. Nh4 Bd7
7. g3 e6 8. e4 Bb4 9. Bg2 c5 10. O-O cxd4 11. Qxd4 Nc6
12. Qxc4 Qa5 13. Nf3 Rc8 14. Qd3 O-O 15. Bg5 Rfd8 16. Qe2 h6
17. Bxf6 gxf6 18. Qe3 Kg7 19. Rfd1 Be8 20. Rdc1 Ne5 21. Nxe5
Qxe5 22. Rc2 a6 23. Qb6 Ba5 24. Qb3 Rc7 25. Rac1 Rd4 26. h3
Bc6 27. Kh2 Rcd7 28. Re2 Rd3 29. Qc2 R7d4 30. f4 Qc5 31. e5 f5
32. Bxc6 Qxc6 33. Rg2 Qf3 34. Rcg1 Bb6 35. Qb3 Ba7 36. Qc2 Kh7
37. Ne2 Re4 38. Ra1 Qe3 39. Ra3 Rxa3 40. bxa3 Qf3 41. Qc7 Kg7
42. Qxb7 h5 43. Qxa7 Rxe2 44. Rxe2 Qxe2+ 45. Kg1 Qd1+ 46. Kh2
Qc2+ 47. Kg1 Qb1+ 48. Kg2 Qe4+ 49. Kg1 Qf3 50. Kh2 Qe2+
51. Kg1 Qd1+ 52. Kh2 Qd2+ 53. Kg1 h4 54. Qf2 Qc1+ 55. Kh2 Qxa3
56. gxh4 Qxa4 57. Qg2+ Kh7 58. Qg5 Qa2+ 59. Kh1 Qb1+ 60. Kh2
Qc2+ 61. Kh1 Qc6+ 62. Kh2 Qc2+ 63. Kh1 Qd1+ 64. Kh2 Qe2+
65. Kh1 Qf3+ 66. Kh2 a5 67. h5 Qe2+ 68. Kg3 Qe3+ 69. Kg2 Qd2+
70. Kf1 Qd3+ 71. Kg2 Qc2+ 72. Kf1 Qc1+ 73. Ke2 Qc2+ 74. Kf1
Qc4+ 75. Kf2 a4 76. h6 Qc5+ 77. Ke2 Qf8 78. Kd3 Qxh6 79. Qg3
Qh5 80. Kd2 Qg6 81. Qh4+ Qh6 82. Qg3 f6 83. Kc3 Qg7 84. Qh4+
Kg6 85. Kd4 fxe5+ 86. fxe5 Qa7+ 87. Kc4 Qc7+ 88. Kd4 Qb6+
89. Kd3 Qb1+ 90. Kd2 Qb2+ 91. Kd3 Qb5+ 92. Kd2 Qd5+ 93. Kc1
Qxe5 94. Qxa4 Qe1+ 95. Kc2 Kg5 96. Qa7 Kf4 97. Qc7+ Qe5
98. Qh7 Qe2+ 99. Kc3 Qe3+ 100. Kc2 Kg3 101. h4 Qe4+ 102. Kd2
Qd4+ 103. Kc2 Qxh4 104. Qg6+ Kf2 105. Qg7 Qc4+ 106. Kd2 Qd5+
107. Kc2 Qc5+ 108. Kd2 e5 109. Qh7 Qb4+ 110. Kc2 Qe4+ 111. Kc1
Qf4+ 112. Kc2 e4 113. Qa7+ e3 114. Qb6 Qe4+ 115. Kc3 Kf1
116. Qb5+ e2 117. Qa6 Kf2 0-1

[Event "Zurich Chess Club 200th Anniversary"]
[Site "Zuerich SUI"]
[Date "2009.08.12"]
[EventDate "2009.08.09"]
[Round "5"]
[Result "0-1"]
[White "Josef Jurek"]
[Black "Anish Giri"]
[WhiteElo "2353"]
[BlackElo "2518"]
[PlyCount "110"]

1. Nf3 d5 2. d4 Nf6 3. c4 c6 4. Qc2 dxc4 5. Qxc4 Bf5 6. Nc3 e6
7. g3 Nbd7 8. Bg2 Be7 9. O-O O-O 10. Re1 Bg6 11. e4 b5
12. Qxc6 b4 13. e5 Rc8 14. Qa6 bxc3 15. exf6 Nxf6 16. bxc3
Rxc3 17. a3 Be4 18. Be3 Qd6 19. Qxd6 Bxd6 20. Nd2 Bxg2
21. Kxg2 h6 22. Rec1 Rfc8 23. Nb3 Nd5 24. Bd2 Rc2 25. Kf1 R8c7
26. Ke1 Rxc1+ 27. Nxc1 Rc4 28. Nb3 Ra4 29. Bc1 Kf8 30. Kd2 Ke7
31. Kd3 Ra6 32. Bb2 Rb6 33. Kc2 Nf6 34. f3 Nd5 35. Na5 Ne3+
36. Kc3 Rb5 37. Nc6+ Kd7 38. Ne5+ Bxe5 39. dxe5 Rd5 40. Re1
Nd1+ 41. Kc2 Nxb2 42. Kxb2 Rd2+ 43. Kc3 Rxh2 44. Rd1+ Ke7
45. Rb1 g5 46. Rb7+ Kf8 47. Kd3 h5 48. Rxa7 Rg2 49. Ke3 Rxg3
50. Kf2 Rh3 51. Kg2 Rh4 52. a4 Kg7 53. a5 Ra4 54. Ra8 Ra3
55. a6 Kg6 0-1

[Event "Zurich Chess Club 200th Anniversary"]
[Site "Zuerich SUI"]
[Date "2009.08.14"]
[EventDate "2009.08.09"]
[Round "8"]
[Result "1-0"]
[White "Anish Giri"]
[Black "Michelangelo Scalcione"]
[WhiteElo "2518"]
[BlackElo "2389"]
[PlyCount "89"]

1. d4 d6 2. Nf3 Nf6 3. c4 g6 4. Nc3 Bf5 5. Qb3 Qc8 6. h3 Nc6
7. d5 Nd8 8. g4 Bd7 9. e4 e5 10. Be3 b6 11. Qc2 Bg7 12. Nh4
Ng8 13. O-O-O Bh6 14. Bxh6 Nxh6 15. g5 Ng8 16. f4 exf4 17. Qf2
f6 18. Qxf4 Nf7 19. Nf3 Qd8 20. h4 h6 21. gxh6 Rxh6 22. Bh3
Bxh3 23. Rxh3 Ne5 24. Nd4 a6 25. Ne6 Qd7 26. b3 c5 27. Kb1 Rb8
28. a4 g5 29. Qf2 Qh7 30. Rg1 Ne7 31. Rxg5 Kd7 32. Rg7 Qh8
33. Rhg3 Rxh4 34. Qxf6 Re8 35. Nf8+ Qxf8 36. Qxh4 Qf1+ 37. Ka2
Qf2+ 38. Ka3 b5 39. cxb5 axb5 40. Nxb5 Qe1 41. Rxe7+ Rxe7
42. Qh3+ Kd8 43. Rg8+ Re8 44. Rxe8+ Kxe8 45. Nxd6+ 1-0

[Event "European Club Cup"]
[Site "Ohrid MKD"]
[Date "2009.10.04"]
[EventDate "2009.10.04"]
[Round "1"]
[Result "0-1"]
[White "Jean-Francois Nelis"]
[Black "Anish Giri"]
[WhiteElo "2227"]
[BlackElo "2552"]
[PlyCount "68"]

1. e4 c5 2. Nf3 d6 3. c3 Nf6 4. Bd3 Nc6 5. Bc2 Bg4 6. d3 e6
7. Nbd2 Be7 8. h3 Bh5 9. Qe2 Nd7 10. a3 Nde5 11. g4 Nxf3+
12. Nxf3 Bg6 13. h4 h5 14. g5 a6 15. O-O Qd7 16. Kh2 O-O-O
17. Bf4 e5 18. Bg3 f5 19. gxf6 Bxf6 20. Bb3 Be8 21. Kg2 Ne7
22. Qe3 Ng6 23. Ng5 Qe7 24. f3 Bd7 25. Kh2 Rdf8 26. Bd5 Bxg5
27. Qxg5 Qxg5 28. hxg5 h4 29. Be1 Nf4 30. Rd1 Rh5 31. Bd2 Rxg5
32. Bxf4 exf4 33. Rg1 Rg3 34. Rdf1 Rf6 0-1

[Event "Meesterklasse 2009-2010"]
[Site "?"]
[Date "2009.09.26"]
[EventDate "?"]
[Round "1.4"]
[Result "1-0"]
[White "Anish Giri"]
[Black "Thibaut Maenhout"]
[WhiteElo "2523"]
[BlackElo "2312"]
[PlyCount "57"]

1. e4 c5 2. Nf3 e6 3. d4 cxd4 4. Nxd4 Nf6 5. Nc3 Nc6 6. a3 d6
7. Be2 Be7 8. O-O O-O 9. Be3 Qc7 10. Qe1 Ne5 11. Rd1 Bd7
12. f4 Nc4 13. Ndb5 Bxb5 14. Nxb5 Qc6 15. Nd4 Qc8 16. Bc1 d5
17. e5 Nd7 18. Kh1 Re8 19. Bd3 a6 20. b3 Nxa3 21. f5 Nb5
22. Nxb5 axb5 23. f6 Bf8 24. Bxh7+ Kxh7 25. Qh4+ Kg8 26. Rd3
Ra4 27. bxa4 Qc4 28. Qh5 g6 29. Qxg6+ 1-0